000 00754nam a2200205Ia 4500
001 17061
003 GE_BSU
008 181216s||||||||xx |||||||||||||| ||und||
040 _cGE_BSU
080 _a821.512.162 + 821.512.162-1 + 821.512.162-2 + 821.512.162-32
100 _aახუნდოვი, მირზა ფათალი
245 _aთხზულებანი
245 _cრედ. შესწ. წერილი, შენიშვნები, განმარტებანი კ. ფაღავასი.
260 _aთბილისი
260 _bსაბჭ. საქართველო
260 _c1984
300 _a121გვ. ; 20სმ
653 _aთხზულებანი
942 _cBK
999 _c50123
_d50123